[Event "2011 SC Site Championship, Pre Round, Round 2"]
[Site "SchemingMind.com"]
[Date "2010.11.06"]
[Round "2"]
[White "Tumbleweed"]
[Black "Archon"]
[Result "0-1"]
[WhiteCountry "ENG"]
[BlackCountry "CAN"]
[WhiteElo "1350"]
[WhiteRD "107"]
[BlackElo "1737"]
[BlackRD "62"]
[GameID "266142"]

1. e4 d6 2. d4 Nf6 3. Bd3 e5 4. Nf3 exd4 5. Nxd4 g6 6. Nc3 Bg7 7. Bg5 O-O 8. O-O Nbd7 9. Re1 c6 10. Be3 Nb6
11. Bf4 Bg4 12. Be2 Bxe2 13. Rxe2 Ng4 14. Bg3 Nc4 15. Re1 Qc7 16. Qxg4 Bxd4 17. e5 Bxe5 18. Qxc4 Rfe8 19. Re3 Bxg3 20. Rxg3 d5
21. Qd3 Qe5 22. Re3 Qg7 23. Rae1 Rf8 24. b3 d4 25. Re7 dxc3 26. Rxb7 a5 27. Qc4 a4 28. bxa4 Rae8 29. Re3 Rxe3 30. fxe3 Re8
31. Qb4 Qf6 32. Rb8 Rxb8 33. Qxb8+ Kg7 34. a5 Qe6 35. a4 Qxe3+ 36. Kf1 Qc1+ 37. Kf2 Qxc2+ 38. Kg3 Qd3+ 39. Kh4 c2 40. Qb2+ f6
41. Qc1 Qd1 42. Qe3 c1=Q 43. Qe7+ Kg8 44. Qe8+ Kg7 45. Qe7+ Kg8
0-1

[Event "2011 SC Site Championship, Pre Round, Round 2"]
[Site "SchemingMind.com"]
[Date "2010.11.11"]
[Round "2"]
[White "tyler_ensor"]
[Black "yoponz"]
[Result "1-0"]
[WhiteCountry "CAN"]
[BlackCountry "ENG"]
[WhiteElo "1847"]
[WhiteRD "68"]
[BlackElo "1413"]
[BlackRD "72"]
[GameID "266143"]

1. d4 d5 2. c4 dxc4 3. e4 Nf6 4. e5 Ne4 5. Qc2 Ng5 6. Bxg5 Qxd4 7. Nf3 Qd5 8. Bxc4 Qd8 9. O-O f6 10. exf6 exf6
11. Bh4 Bg4 12. Ne5 Qd4 13. Nxg4 Qxg4 14. Re1+ Be7 15. Bg3 c6 16. Bd6 b5 17. Rxe7+ Kf8 18. Re4#
1-0

[Event "2011 SC Site Championship, Pre Round, Round 2"]
[Site "SchemingMind.com"]
[Date "2010.11.06"]
[Round "2"]
[White "Ursus"]
[Black "Raimondi"]
[Result "1-0"]
[WhiteCountry "INT"]
[BlackCountry "PER"]
[WhiteElo "1783"]
[WhiteRD "97"]
[BlackElo "1659"]
[BlackRD "87"]
[GameID "266144"]

1. e4 e5 2. f4 exf4 3. Nf3 g5 4. Bc4 Bg7 5. O-O d6 6. d4 h6 7. Nc3 Nc6 8. Nd5 Be6 9. Bb5 a6 10. Ba4 Bd7
11. c3 Nf6 12. Qe2 Nxd5 13. exd5+ Qe7 14. Qd3 O-O-O 15. dxc6 Bxc6 16. Bxc6 bxc6 17. Qxa6+ Kd7 18. Re1 Qf6 19. Bd2 Qf5 20. a4 Bf6
21. Re2 g4 22. Ne1 h5 23. Nd3 f3 24. Rf2 Qg6 25. Re1 h4 26. Nb4 Rc8 27. Qxc6+ Kd8 28. Qb5 fxg2 29. Nc6+
1-0

[Event "2011 SC Site Championship, Pre Round, Round 2"]
[Site "SchemingMind.com"]
[Date "2010.11.08"]
[Round "2"]
[White "Uzi Mike"]
[Black "mochiron"]
[Result "1-0"]
[WhiteCountry "USA"]
[BlackCountry "JPN"]
[WhiteElo "2289"]
[WhiteRD "74"]
[BlackElo "1483"]
[BlackRD "65"]
[GameID "266145"]

1. c4 e6 2. g3 Bc5 3. Nf3 Nc6 4. d4 Bb4+ 5. Nbd2 d5 6. a3 Ba5 7. b4 Bb6 8. c5 Bxc5 9. dxc5 Nf6 10. Bg2 O-O
11. Bb2 e5 12. Nxe5 Nxe5 13. Bxe5 Ne4 14. Nxe4 Bf5 15. Nc3 c6 16. Qd4 f6 17. Bd6 Re8 18. Nxd5 cxd5 19. Qxd5+ Be6 20. Qxb7 Bc4
21. Qxa8 Qd7 22. Bc6
1-0

[Event "2011 SC Site Championship, Pre Round, Round 2"]
[Site "SchemingMind.com"]
[Date "2010.11.09"]
[Round "2"]
[White "wayder"]
[Black "GM Mark"]
[Result "0-1"]
[WhiteCountry "USA"]
[BlackCountry "ENG"]
[WhiteElo "1925"]
[WhiteRD "90"]
[BlackElo "2575"]
[BlackRD "189"]
[GameID "266146"]

1. d4 d5 2. c4 c6 3. Nc3 Nf6 4. e3 e6 5. Nf3 Nbd7 6. Bd3 dxc4 7. Bxc4 b5 8. Bb3 b4 9. Ne2 Bb7 10. Nf4 Bd6
11. O-O O-O 12. Bxe6 fxe6 13. Nxe6 Qe7 14. Nxf8 Rxf8 15. Qd3 Ne4 16. Ne1 Bxh2+ 17. Kxh2 Qh4+ 18. Kg1 Nxf2 19. Qc4+ Kh8 20. Rxf2 Qxf2+
21. Kh2 Qh4+
0-1

[Event "2011 SC Site Championship, Pre Round, Round 2"]
[Site "SchemingMind.com"]
[Date "2010.11.11"]
[Round "2"]
[White "wilfried"]
[Black "Andreas Flato"]
[Result "1-0"]
[WhiteCountry "GER"]
[BlackCountry "GER"]
[WhiteElo "2447"]
[WhiteRD "120"]
[BlackElo "1763"]
[BlackRD "74"]
[GameID "266147"]

1. d4 e6 2. c4 f5 3. g3 Nf6 4. Bg2 Be7 5. Nc3 O-O 6. Nf3 d6 7. O-O Nbd7 8. Qb3 Kh8 9. Rd1 Rg8 10. Ng5 Qf8
11. c5 dxc5 12. Nxe6 Qf7 13. Nxc7 Qxb3 14. axb3 Rb8 15. N3d5 Bd6 16. Nb5 Ne8 17. Nxd6 Nxd6 18. Bf4
1-0

[Event "2011 SC Site Championship, Pre Round, Round 2"]
[Site "SchemingMind.com"]
[Date "2010.11.11"]
[Round "2"]
[White "Will Grummitt"]
[Black "SpeedRacer"]
[Result "1-0"]
[WhiteCountry "ENG"]
[BlackCountry "USA"]
[WhiteElo "1811"]
[WhiteRD "56"]
[BlackElo "1680"]
[BlackRD "134"]
[GameID "266148"]

1. e4 c5 2. c3 Nf6 3. e5 Nd5 4. d4 cxd4 5. cxd4 d6 6. f4 Nc6 7. Nf3 Bg4 8. Be2 e6 9. O-O Be7 10. Nc3 Nxc3
11. bxc3 O-O 12. Rb1 b6 13. exd6 Bxd6 14. Ng5 Bf5 15. Bd3 Bxd3 16. Qxd3 g6 17. Qh3 h5 18. g4 Kg7 19. f5 exf5 20. gxf5 gxf5
21. Qxf5 Bxh2+ 22. Kh1 Rh8 23. Ne6+ fxe6 24. Qf7#
1-0

[Event "2011 SC Site Championship, Pre Round, Round 2"]
[Site "SchemingMind.com"]
[Date "2010.11.06"]
[Round "2"]
[White "Wolli"]
[Black "Will Grummitt"]
[Result "0-1"]
[WhiteCountry "GER"]
[BlackCountry "ENG"]
[WhiteElo "1820"]
[WhiteRD "95"]
[BlackElo "1741"]
[BlackRD "54"]
[GameID "266149"]

1. c4 g6 2. g3 Bg7 3. Bg2 Nf6 4. Nc3 c5 5. e3 Nc6 6. Nge2 d6 7. O-O O-O 8. d4 Bd7 9. b3 cxd4 10. exd4 a6
11. Bb2 Rc8 12. Re1 Qa5 13. Nf4 e6 14. Ne4 Nxe4 15. Rxe4 b5 16. cxb5 Qxb5 17. Qd3 Nb4 18. Qxb5 Bxb5 19. a3 d5 20. axb4 dxe4
21. Bxe4 Rfd8 22. Rd1 g5 23. Nh5 Be2
0-1

[Event "2011 SC Site Championship, Pre Round, Round 2"]
[Site "SchemingMind.com"]
[Date "2010.11.07"]
[Round "2"]
[White "Zeidan"]
[Black "C. H. O'D. Schlechter"]
[Result "1/2-1/2"]
[WhiteCountry "LBN"]
[BlackCountry "USA"]
[WhiteElo "2150"]
[WhiteRD "70"]
[BlackElo "2417"]
[BlackRD "86"]
[GameID "266151"]

1. d4 c5 2. d5 e5 3. e4 d6 4. Bb5+ Nd7 5. a4 Be7 6. Nf3 Nf6 7. Nc3 O-O 8. O-O Ne8 9. Nd2 Bg5 10. Nc4 Bxc1
11. Qxc1 Qe7 12. Bxd7 Bxd7 13. f4 f6 14. f5 Nc7 15. Qd2 Rfb8 16. g4 b5 17. axb5 Nxb5 18. Ra2 Nxc3 19. Qxc3 Bb5 20. Rfa1 Bxc4=
1/2-1/2

[Event "2011 SC Site Championship, Pre Round, Round 2"]
[Site "SchemingMind.com"]
[Date "2010.11.06"]
[Round "2"]
[White "Zerstörer"]
[Black "Thomas Meehan"]
[Result "1-0"]
[WhiteCountry "ITA"]
[BlackCountry "ENG"]
[WhiteElo "1890"]
[WhiteRD "95"]
[BlackElo "1682"]
[BlackRD "100"]
[GameID "266152"]

1. e4 e6 2. d4 d5 3. Nc3 Bb4 4. e5 Qd7 5. a3 Bxc3+ 6. bxc3 Ne7 7. Nf3 O-O 8. a4 Qc6 9. Bd2 b6 10. Bb5 Qb7
11. Bd3 a5 12. Bxh7+ Kxh7 13. Ng5+ Kg8 14. Qh5 Re8 15. Qh7+ Kf8 16. Qh8+ Ng8 17. Nh7+ Ke7 18. Bg5+ Kd7 19. Qxg7 Ne7 20. Nf6+ Kd8
21. Nxe8 Kxe8 22. Bxe7 Kxe7 23. Qf6+ Ke8 24. h4 Qa6 25. h5 Nd7 26. Qg5 Qc4 27. Qe3 f6 28. h6 Nf8 29. h7 Nxh7 30. Rxh7 Kd8
31. exf6
1-0

[Event "2011 SC Site Championship, Pre Round, Round 3"]
[Site "SchemingMind.com"]
[Date "2010.11.07"]
[Round "3"]
[White "Aadsje"]
[Black "mochiron"]
[Result "1-0"]
[WhiteCountry "NED"]
[BlackCountry "JPN"]
[WhiteElo "2058"]
[WhiteRD "67"]
[BlackElo "1470"]
[BlackRD "66"]
[GameID "266153"]

1. d4 f5 2. Nc3 Nf6 3. Nf3 d5 4. g3 e6 5. Bg2 Be7 6. O-O O-O 7. Bf4 Nc6 8. Nb5 Bd6 9. Nxd6 cxd6 10. Qd3 Bd7
11. Bxd6 Re8 12. c4 dxc4 13. Qxc4 Rf8 14. Bxf8 Qxf8 15. Ng5 Qe7 16. Bxc6 bxc6 17. Qc5 Qe8 18. Rac1 Rc8 19. Nf3 Ne4 20. Qxa7 f4
21. Ne5 fxg3 22. fxg3 Nf6 23. Rxf6 gxf6 24. Nxd7 Qg6 25. Qb7 Re8 26. Qxc6 Re7 27. Qa8+ Re8 28. Rc8 Qb1+ 29. Kg2 Rxc8 30. Qxc8+ Kg7
31. Qf8+ Kg6 32. Qxf6+ Kh5 33. Ne5 Qe4+ 34. Kh3 Qf5+ 35. g4+
1-0

[Event "2011 SC Site Championship, Pre Round, Round 3"]
[Site "SchemingMind.com"]
[Date "2010.11.11"]
[Round "3"]
[White "Abacist"]
[Black "kynoceros"]
[Result "0-1"]
[WhiteCountry "USA"]
[BlackCountry "USA"]
[WhiteElo "1704"]
[WhiteRD "179"]
[BlackElo "1550"]
[BlackRD "79"]
[GameID "266154"]

1. e4 c5 2. Nc3 Nc6 3. Nf3 e6 4. Bb5 Nge7 5. O-O a6 6. Be2 Nd4 7. d3 Nec6 8. Re1 Nb4 9. Nxd4 cxd4 10. Nb1 Qc7
11. c3 Nc6 12. cxd4 Nxd4 13. Be3 Nxe2+ 14. Rxe2 Bd6 15. g3 O-O 16. Rc2 Qd8 17. Nd2 Be7 18. Nf3 b5 19. Rac1 h6 20. Bc5 Bxc5
21. Rxc5 Bb7 22. Rc7 Bc6 23. Ne5 Qxc7 24. Nf3 Rac8 25. Qc2 Qd6 26. Qd2 Rc7 27. Qe3 Rfc8 28. d4 b4 29. Ne5 Bb5 30. Rd1 f6
31. Nf3 Rc2 32. e5 fxe5 33. Nxe5 Re2 34. Qf3 Rxb2 35. Qf7+ Kh8 36. Ng6+ Kh7 37. Ne5 Rf8 38. Qg6+ Kg8 39. Ng4 Be2 40. Nxh6+ Kh8
0-1

[Event "2011 SC Site Championship, Pre Round, Round 3"]
[Site "SchemingMind.com"]
[Date "2010.11.11"]
[Round "3"]
[White "Alessandro Dotti Contra"]
[Black "Mark_Noble"]
[Result "0-1"]
[WhiteCountry "ITA"]
[BlackCountry "NZL"]
[WhiteElo "1442"]
[WhiteRD "93"]
[BlackElo "2148"]
[BlackRD "110"]
[GameID "266155"]

1. e4 c5 2. Nf3 d6 3. d4 cxd4 4. Nxd4 Nf6 5. Nc3 a6 6. Bg5 Nc6 7. Bc4 Qa5 8. Qd2 Nxe4 9. Nxe4 Qxd2+ 10. Bxd2 Nxd4
11. O-O e6 12. Rad1 d5 13. Bxd5 exd5 14. Ng3 Be6 15. Rfe1 Nc6 16. c3 O-O-O 17. Bg5 Be7 18. Bxe7 Nxe7 19. b4 d4 20. Rxd4 Rxd4
21. cxd4 Nc6 22. Rc1 Kb8 23. a3 Nxd4 24. Re1 Nc2 25. Rd1 Nxa3 26. Ne4 Nb5 27. g3 Rc8 28. Nd6 Rd8 29. h4 Rxd6 30. Rxd6 Nxd6
31. f3 b5 32. Kf1 Nf5 33. Kf2 Nd4 34. g4 Nc2
0-1

[Event "2011 SC Site Championship, Pre Round, Round 3"]
[Site "SchemingMind.com"]
[Date "2010.11.06"]
[Round "3"]
[White "ampp"]
[Black "reptile"]
[Result "0-1"]
[WhiteCountry "POR"]
[BlackCountry "ISR"]
[WhiteElo "1212"]
[WhiteRD "61"]
[BlackElo "2057"]
[BlackRD "79"]
[GameID "266157"]

1. e4 Nf6 2. e5 Nd5 3. d4 d6 4. Nf3 g6 5. Bc4 Nb6 6. O-O Nxc4 7. Nc3 Bg4 8. h3 Bxf3 9. Qxf3 Nc6 10. b3 Nb6
11. Bg5 Bg7 12. Nd5 Nxd5 13. Qxd5 O-O 14. Rad1 dxe5 15. dxe5 Bxe5 16. f4 Qxd5 17. Rxd5 Bd4+ 18. Kh1 Rad8 19. Rxd8 Rxd8 20. Rd1 Bc5
21. Rxd8+ Nxd8 22. c3 Ne6 23. b4 Nxg5
0-1

[Event "2011 SC Site Championship, Pre Round, Round 3"]
[Site "SchemingMind.com"]
[Date "2010.11.07"]
[Round "3"]
[White "Archon"]
[Black "GM Mark"]
[Result "0-1"]
[WhiteCountry "CAN"]
[BlackCountry "ENG"]
[WhiteElo "1698"]
[WhiteRD "63"]
[BlackElo "2576"]
[BlackRD "248"]
[GameID "266158"]

1. Nf3 Nf6 2. c4 e6 3. g3 d5 4. Bg2 Bd6 5. O-O O-O 6. b3 c5 7. Bb2 d4 8. d3 e5 9. Na3 Nc6 10. Nc2 Qb6
11. e3 h6 12. exd4 exd4 13. Re1 Bd7 14. Qd2 a5 15. Na3 Nb4 16. Nc2 Nxc2 17. Qxc2 a4 18. Ne5 Bf5 19. Qd2 axb3 20. axb3 Rxa1
21. Bxa1 Qxb3 22. Qb2 Qxb2 23. Bxb2 Re8 24. Nf3 Bxd3 25. Nxd4 Rxe1+
0-1

[Event "2011 SC Site Championship, Pre Round, Round 3"]
[Site "SchemingMind.com"]
[Date "2010.11.11"]
[Round "3"]
[White "Archr"]
[Black "mikewharvey"]
[Result "0-1"]
[WhiteCountry "USA"]
[BlackCountry "GBR"]
[WhiteElo "1518"]
[WhiteRD "106"]
[BlackElo "1826"]
[BlackRD "97"]
[GameID "266159"]

1. e4 Nf6 2. e5 Nd5 3. d4 d6 4. Nf3 dxe5 5. Nxe5 c6 6. Be2 Bf5 7. O-O Nd7 8. Nf3 Nb4 9. Na3 g6 10. c3 Nd5
11. Re1 Bg7 12. Bg5 N7f6 13. Bd3 Bxd3 14. Qxd3 h6 15. Bh4 g5 16. Bg3 e6 17. Nc4 Nf4
0-1

[Event "2011 SC Site Championship, Pre Round, Round 3"]
[Site "SchemingMind.com"]
[Date "2010.11.11"]
[Round "3"]
[White "Ashmaster"]
[Black "Quirine"]
[Result "1-0"]
[WhiteCountry "IRL"]
[BlackCountry "NED"]
[WhiteElo "2049"]
[WhiteRD "107"]
[BlackElo "1873"]
[BlackRD "84"]
[GameID "266160"]

1. d4 Nf6 2. c4 g6 3. Nf3 Bg7 4. g3 O-O 5. Bg2 d6 6. O-O Nbd7 7. Nc3 e5 8. e4 exd4 9. Nxd4 Re8 10. h3 Nc5
11. Re1 a6 12. Rb1 Rb8 13. b4 Ne6 14. Nb3 Nd7 15. Nd5 c6 16. Ne3 Qc7 17. Bb2 b5 18. a3
1-0

[Event "2011 SC Site Championship, Pre Round, Round 3"]
[Site "SchemingMind.com"]
[Date "2010.11.07"]
[Round "3"]
[White "Aumonde"]
[Black "PawnPusherPete"]
[Result "1/2-1/2"]
[WhiteCountry "USA"]
[BlackCountry "ENG"]
[WhiteElo "2197"]
[WhiteRD "71"]
[BlackElo "2238"]
[BlackRD "70"]
[GameID "266161"]

1. d4 Nf6 2. c4 c5 3. d5 b5 4. cxb5 a6 5. b6 Bb7 6. Nc3 e6 7. e4 exd5 8. exd5 d6 9. a4 Qxb6 10. a5 Qc7
11. Nf3 Be7 12. Bc4 Nbd7 13. O-O O-O 14. Re1 Rfe8 15. Bf4 Nf8 16. Qc2 Ng6 17. Bd2 h6 18. h3 Nd7 19. Bd3 Nde5 20. Nxe5 Nxe5
21. Be4 Nc4 22. Bf4 Bf6 23. Ra4 Ne5 24. Re3 Rab8 25. Rg3 Kh8 26. Qd1 Bh4 27. Re3 Be7 28. Qh5 Bf8 29. Bc2 g6 30. Qh4 Kh7
31. Ne4 Bg7 32. Nf6+ Bxf6 33. Qxf6 Qe7 34. Bxe5 dxe5 35. Qxe7 Rxe7 36. d6 Re6 37. Rc4 Rxd6 38. Rxc5 Ba8 39. Rb3 Re8 40. Rc7 Bd5
41. Rb6 Rxb6 42. axb6 Rb8 43. Rd7 Bc4 44. Rd6 Kg7 45. g3 Kf8 46. Be4 Ke7 47. Rc6 Be6 48. b7 f5 49. Bg2 e4 50. Rb6 a5
51. Bf1 Bd5 52. Ba6 Kd7 53. Rxg6 Bxb7 54. Bc4 Bc6 55. Rxh6 Rxb2 56. Be6+ Kc7 57. Bxf5 a4 58. g4 a3 59. Be6 a2 60. Bxa2 Rxa2
61. h4 e3 62. fxe3 Rg2+ 63. Kf1 Rxg4 64. Ke2 Be4 65. Kd2 Kd7 66. Kc3 Ke7 67. Kd4 Kf7 68. Ke5 Kg7 69. Rf6 Rxh4=
1/2-1/2

[Event "2011 SC Site Championship, Pre Round, Round 3"]
[Site "SchemingMind.com"]
[Date "2010.11.09"]
[Round "3"]
[White "Baeron"]
[Black "sibelius"]
[Result "1/2-1/2"]
[WhiteCountry "SUI"]
[BlackCountry "USA"]
[WhiteElo "2081"]
[WhiteRD "99"]
[BlackElo "2316"]
[BlackRD "78"]
[GameID "266162"]

1. c4 c5 2. g3 Nc6 3. Bg2 g6 4. Nc3 Bg7 5. Nf3 d6 6. O-O Bd7 7. e3 Nf6 8. d4 O-O 9. b3 Bf5 10. Bb2 Ne4
11. Nh4 Nxc3 12. Bxc3 cxd4 13. Nxf5 dxc3 14. Nxg7 Kxg7 15. Qc2 Qa5 16. Rfc1 Rac8 17. Qxc3+=
1/2-1/2

[Event "2011 SC Site Championship, Pre Round, Round 3"]
[Site "SchemingMind.com"]
[Date "2010.11.07"]
[Round "3"]
[White "bereolos"]
[Black "krysto"]
[Result "1-0"]
[WhiteCountry "USA"]
[BlackCountry "MEX"]
[WhiteElo "2090"]
[WhiteRD "110"]
[BlackElo "1789"]
[BlackRD "108"]
[GameID "266163"]

1. d4 e6 2. c4 d5 3. Nf3 Nf6 4. g3 c5 5. cxd5 Nxd5 6. Bg2 cxd4 7. O-O Nc6 8. Nxd4 Nxd4 9. Qxd4 b6 10. Rd1 Bc5
11. Qxg7
1-0

[Event "2011 SC Site Championship, Pre Round, Round 3"]
[Site "SchemingMind.com"]
[Date "2010.11.11"]
[Round "3"]
[White "BigB"]
[Black "SpeedRacer"]
[Result "1-0"]
[WhiteCountry "SVK"]
[BlackCountry "USA"]
[WhiteElo "2424"]
[WhiteRD "99"]
[BlackElo "1680"]
[BlackRD "134"]
[GameID "266164"]

1. e4 c5 2. Nc3 Nc6 3. Bb5 a6 4. Bxc6 dxc6 5. d3 e5 6. Nge2 Be7 7. O-O Nf6 8. Ng3 Be6 9. b3 b5 10. h3 h6
11. Be3 b4 12. Na4 g5 13. Nxc5 Bxc5 14. Bxc5 a5 15. a3 g4 16. h4 Rb8 17. axb4 axb4 18. Ra4 Nd7 19. Bd6 Rb5 20. Qa1 Nb6
21. Bxe5 Nxa4 22. Bf6 Qc8 23. bxa4 Rc5 24. Bxh8 Rxc2 25. Bg7 Qd8 26. Bxh6 Qxd3 27. Rd1 Qc3 28. Qxc3 Rxc3 29. Bg7 Ra3 30. Bf6 Bd7
31. h5 Ra1 32. Rxa1 Kf8 33. a5 Bc8 34. Rd1 Kg8 35. Rd8+ Kh7 36. Rh8#
1-0

[Event "2011 SC Site Championship, Pre Round, Round 3"]
[Site "SchemingMind.com"]
[Date "2010.11.07"]
[Round "3"]
[White "BishopVesey"]
[Black "soundso"]
[Result "1-0"]
[WhiteCountry "ENG"]
[BlackCountry "USA"]
[WhiteElo "2367"]
[WhiteRD "79"]
[BlackElo "1871"]
[BlackRD "85"]
[GameID "266165"]

1. c4 e5 2. g3 Nf6 3. Bg2 d5 4. cxd5 Nxd5 5. Nc3 Nb6 6. Nf3 Nc6 7. O-O Be7 8. a3 O-O 9. b4 Be6 10. Rb1 f6
11. d3 a5 12. b5 Nd4 13. Nd2 Nd5 14. Bxd5 Bxd5 15. e3 Nxb5 16. Nxb5 Bc6 17. d4 b6 18. Qc2 Bxb5 19. Rxb5 Qd7 20. Qc4+ Kh8
21. dxe5 Bc5 22. Ne4 fxe5 23. Nxc5 bxc5 24. Rxc5 Ra7 25. Bb2
1-0

[Event "2011 SC Site Championship, Pre Round, Round 3"]
[Site "SchemingMind.com"]
[Date "2010.11.07"]
[Round "3"]
[White "Boxofrogs"]
[Black "Ashmaster"]
[Result "0-1"]
[WhiteCountry "ENG"]
[BlackCountry "IRL"]
[WhiteElo "1242"]
[WhiteRD "110"]
[BlackElo "2049"]
[BlackRD "107"]
[GameID "266166"]

1. d4 Nf6 2. Nf3 e6 3. c3 d5 4. e3 c5 5. Bb5+ Bd7 6. Qd3 Qb6 7. Na3 c4 8. Qc2 Bxb5 9. O-O Be7 10. Nb1 O-O
11. Ne5 a5 12. a4 Bc6 13. Ra2 Nbd7 14. f4 Nxe5 15. fxe5 Ne4 16. Rd1 f6 17. exf6 Rxf6 18. Rf1 Rxf1+ 19. Kxf1 Qc7 20. Kg1 Rf8
21. b4 axb4 22. cxb4 Bxb4 23. Rb2 Bd6
0-1

[Event "2011 SC Site Championship, Pre Round, Round 3"]
[Site "SchemingMind.com"]
[Date "2010.11.10"]
[Round "3"]
[White "Ingemar Assarsjö"]
[Black "Quaff"]
[Result "1-0"]
[WhiteCountry "SWE"]
[BlackCountry "ENG"]
[WhiteElo "1822"]
[WhiteRD "84"]
[BlackElo "1697"]
[BlackRD "102"]
[GameID "266167"]

1. e4 e5 2. Nf3 Nc6 3. Bb5 d6 4. d4 exd4 5. Qxd4 Bd7 6. Bxc6 Bxc6 7. Nc3 b6 8. Ng5 Nf6 9. Qc4 Qd7 10. Nxf7 d5
11. exd5 b5 12. Qxc6 Kxf7 13. Qxa8
1-0

[Event "2011 SC Site Championship, Pre Round, Round 3"]
[Site "SchemingMind.com"]
[Date "2010.11.11"]
[Round "3"]
[White "C. H. O'D. Schlechter"]
[Black "robertoi72"]
[Result "1-0"]
[WhiteCountry "USA"]
[BlackCountry "ITA"]
[WhiteElo "2417"]
[WhiteRD "86"]
[BlackElo "1898"]
[BlackRD "106"]
[GameID "266168"]

1. d4 Nf6 2. Nf3 g6 3. Bf4 Bg7 4. e3 O-O 5. Be2 d6 6. O-O Nbd7 7. h3 b6 8. Bh2 Bb7 9. c4 c5 10. Nc3 Ne4
11. Nxe4 Bxe4 12. Ng5 Bb7 13. Bf3 Qc7 14. Qd3 h6 15. Bxb7 Qxb7 16. Ne4 d5 17. cxd5 Qxd5 18. Nc3 Qb7 19. d5 Rac8 20. Qc4 Ne5
21. Bxe5 Bxe5 22. f4 Bg7 23. f5 Kh7 24. Rad1 Bxc3 25. Qxc3 Qd7 26. e4 c4 27. fxg6+ fxg6 28. Rxf8 Rxf8 29. Qxc4 Rc8 30. Qd4 Qc7
31. e5
1-0

[Event "2011 SC Site Championship, Pre Round, Round 3"]
[Site "SchemingMind.com"]
[Date "2010.11.07"]
[Round "3"]
[White "CenturyBugs"]
[Black "Raimondi"]
[Result "1-0"]
[WhiteCountry "ENG"]
[BlackCountry "PER"]
[WhiteElo "2050"]
[WhiteRD "97"]
[BlackElo "1646"]
[BlackRD "87"]
[GameID "266170"]

1. e4 e5 2. Nc3 Nf6 3. g3 d5 4. exd5 Nxd5 5. Bg2 Nxc3 6. bxc3 c6 7. Nf3 Bd6 8. O-O O-O 9. d4 exd4 10. cxd4 Nd7
11. Qd3 Nf6 12. Bd2 Be6 13. Rfe1 Qd7 14. Ne5 Qc7 15. Nc4 Bd5 16. Nxd6 Qxd6 17. f3 Rfe8 18. c4 Be6 19. Bg5 Rad8 20. Rad1 Bc8
21. Rxe8+ Rxe8 22. Qc2 h6 23. Bf4 Qe6 24. Bf1 Nh5 25. Be5 Nf6 26. Bd3 Nd7 27. Bf4 a6 28. c5 Nf6 29. Bc4 Nd5 30. Qb3 Rd8
31. a4 Qf5 32. Be5 h5 33. Re1 Qg6 34. Bd6 Nf6 35. Re7 Rd7 36. Bxf7+
1-0

[Event "2011 SC Site Championship, Pre Round, Round 3"]
[Site "SchemingMind.com"]
[Date "2010.11.07"]
[Round "3"]
[White "chesshub"]
[Black "The Capitalist"]
[Result "1-0"]
[WhiteCountry "FRA"]
[BlackCountry "USA"]
[WhiteElo "2425"]
[WhiteRD "79"]
[BlackElo "1432"]
[BlackRD "71"]
[GameID "266172"]

1. e4 c6 2. d4 d5 3. Nc3 dxe4 4. Nxe4 Bf5 5. Ng3 Bg6 6. h4 h6 7. Nf3 Nd7 8. h5 Bh7 9. Bd3 Bxd3 10. Qxd3 e6
11. Bf4 Qa5+ 12. Bd2 Bb4 13. c3 Be7 14. c4 Qc7 15. O-O-O Ngf6 16. Kb1 O-O 17. Rhe1 a5 18. Ne5 Nxe5 19. dxe5 Rfd8 20. Qe2 Nd7
21. f4 Nc5 22. Be3 a4 23. a3 Rxd1+ 24. Rxd1 Rd8 25. Bxc5 Bxc5 26. Ne4 Be7 27. Ka2 Rxd1 28. Qxd1 b5 29. Qd4 b4 30. axb4 Bxb4
31. c5 Be1 32. Qxa4 Qa5 33. Qxa5 Bxa5 34. Ka3 Bc7 35. b4 Kf8 36. b5 cxb5 37. Kb4 f5 38. Nd6 Bd8 39. Kxb5 Ke7 40. Nb7 Bc7
41. Kc6 Bd8 42. Nxd8 Kxd8 43. Kd6 Kc8 44. c6 Kd8 45. c7+ Kc8 46. Kc6 g6 47. hxg6
1-0

[Event "2011 SC Site Championship, Pre Round, Round 3"]
[Site "SchemingMind.com"]
[Date "2010.11.07"]
[Round "3"]
[White "Chezzdevil"]
[Black "Dreadtower"]
[Result "1-0"]
[WhiteCountry "BEL"]
[BlackCountry "ENG"]
[WhiteElo "2354"]
[WhiteRD "87"]
[BlackElo "1828"]
[BlackRD "105"]
[GameID "266173"]

1. d4 Nf6 2. c4 e6 3. Nc3 Bb4 4. f3 d5 5. a3 Bxc3+ 6. bxc3 c5 7. cxd5 Nxd5 8. dxc5 Qa5 9. e4 Nf6 10. Be3 O-O
11. Kf2 Nfd7 12. Rb1 b6 13. cxb6 axb6 14. a4 Qxc3 15. Bb5 Nc5 16. Ne2 Qe5 17. Qd4 Qxd4 18. Nxd4 Ba6 19. Nc6 Nxc6 20. Bxc6 Rab8
21. Rhd1 Nd3+ 22. Kg1 Ne5 23. Bf4 Nxc6 24. Bxb8 Rxb8 25. Rd6 Rc8 26. Rxb6 Nb8 27. Rd2 Bc4 28. Rc2 Na6 29. e5 g6 30. f4 Kg7
31. Rc3 h6 32. g4 g5 33. f5 Kh7 34. h3 Kh8 35. fxe6 Bxe6 36. Rxc8+ Bxc8 37. Rxh6+ Kg7 38. Rc6 Bb7 39. Rb6 Bc8 40. e6 fxe6
41. Rc6 Bb7 42. Rxe6 Nc5 43. Re5 Nxa4 44. Re7+ Kf6 45. Rxb7 Nc5 46. Rb6+ Kg7 47. Kg2 Ne4 48. Kf3 Nf6 49. Rb7+ Kh6 50. Ke3 Nd5+
51. Ke4 Nf4 52. Rb3 Kg6 53. h4 Ng2 54. Rb6+ Kg7 55. h5 Nh4 56. Rb2 Kf6 57. Rh2 Kg7 58. Rxh4 gxh4 59. g5 h3 60. Kf3 h2
61. Kg2 h1=Q+ 62. Kxh1 Kf7 63. Kg2
1-0

[Event "2011 SC Site Championship, Pre Round, Round 3"]
[Site "SchemingMind.com"]
[Date "2010.11.10"]
[Round "3"]
[White "cleverman"]
[Black "Granny Gambit"]
[Result "0-1"]
[WhiteCountry "USA"]
[BlackCountry "ENG"]
[WhiteElo "1776"]
[WhiteRD "117"]
[BlackElo "2101"]
[BlackRD "79"]
[GameID "266174"]

1. e4 d6 2. d4 Nf6 3. Nc3 g6 4. f4 Bg7 5. Nf3 c5 6. h3 cxd4 7. Nxd4 O-O 8. Be3 Nc6 9. Qd2 Nxd4 10. Bxd4 e5
11. Be3 exf4 12. Bxf4 Qb6 13. O-O-O Nxe4 14. Na4 Bxb2+ 15. Nxb2 Nxd2 16. Rxd2 Be6 17. Bc4 Bxc4 18. Nxc4 Qb4 19. Bxd6 Qxc4 20. Bxf8 Qc3
0-1